000 00333nam a2200145Ia 4500
005 20251222144814.0
008 251222s9999||||xx |||||||||||||| ||spa||
020 _a970-10-3573-9
082 _a670/S29
100 _aSchey, John A.
245 0 _aProcesos de Manufactura
250 _a3a.ed.
264 _bMcGRAW-HILL
942 _cLIB
999 _c20208
_d20208